000 01043ngm a22002530a 4500
001 PT19069
003 AR-LpoUNG
005 20210202000256.0
007 vd cvaizq
008 191001s1994||||ag |||||||||||||||||rus d
040 _aAR-LpoUNG
_bspa
_cAR-LpoUNG
_eaacr
041 _arus
_aspa
082 0 _a947.084 618sol
100 1 _aMijalkov, Nikita
_edir.
245 1 0 _aSol ardiente
260 _as.l.
_bs.e.
_c1994.
300 _aVHS (152 min.) : son., col.
520 _aEn el verano de 1935, en una casona en las afueras de Moscú, un coronel heroe de la Revolución Bolchevique vive retirado junto a su joven esposa, su hija y demás parientes. Luego de una larga ausencia llega de visita un viejo amigo de la familia y primer amor de la mujer del militar. Mas allá de la alegría del reencuentro, el coronel reconoce en el visitante no sólo un competidor por el amor de su esposa, sino alguien con una misión siniestra que cumplir.
650 4 _aURSS
651 4 _aURSS
653 _aVIDEOS
905 _a19069
942 _cVIDEO
999 _c54507
_d54507